Living on the fault line : managing for shareholder value in any economy (Record no. 234535)

MARC details
000 -LEADER
fixed length control field 00731nam a2200241Ia 4500
008 - FIXED-LENGTH DATA ELEMENTS--GENERAL INFORMATION
fixed length control field 191130s2002##################000#0#eng##
020 ## - INTERNATIONAL STANDARD BOOK NUMBER
ISBN 9780060086763
082 ## - DEWEY DECIMAL CLASSIFICATION NUMBER
Classification number 658.155 MOO
100 ## - MAIN ENTRY--AUTHOR NAME
Personal name Moore, Geoffrey A
245 ## - TITLE STATEMENT
Title Living on the fault line : managing for shareholder value in any economy
Statement of responsibility, etc Geoffrey A. Moore
250 ## - EDITION STATEMENT
Edition statement Rev. ed
260 ## - PUBLICATION, DISTRIBUTION, ETC. (IMPRINT)
Place of publication New York
Name of publisher HarperBusiness
Year of publication 2002
300 ## - PHYSICAL DESCRIPTION
Number of Pages xvi, 277 p. : ill. ; 24 cm
500 ## - GENERAL NOTE
General note Includes bibliographical references and index
650 ## - SUBJECT ADDED ENTRY--TOPICAL TERM
Topical Term Competition
Topical Term Industrial management
Topical Term Stocks - Prices
991 ## -
-- 168097
Holdings
Withdrawn status Lost status Damaged status Not for loan Home library Current library Shelving location Date acquired Full call number Accession Number Price effective from Koha item type
        Anna Centenary Library Anna Centenary Library 6TH FLOOR, A WING 13.10.2020 658.155 MOO 469024 13.10.2020 English Books

Find us on the map